All LEGO Mandalorians - Statistics

General Stats
  • This quiz has been taken 17 times
  • The average score is 9 of 20
Answer Stats
Answer % Correct
Bo-Katan Kryze
100%
Din Djarin
92%
Din Grogu
92%
Paz Vizsla
75%
Pre Vizsla
75%
Sabine Wren
67%
The Armorer
67%
Gar Saxon
58%
Jango Fett
50%
Mandalorian Death Watch Warrior
25%
Mandalorian Loyalist
25%
Mandalorian Nite Owl
17%
Mandalorian Super Commando
17%
Mandalorian Tribe Warrior - Female, Green
17%
Mandalorian Tribe Warrior - Female, Light Bluish Gray
17%
Mandalorian Tribe Warrior - Male, Dark Azure
17%
Mandalorian Tribe Warrior - Male, Dark Orange
17%
Mandalorian Warrior
17%
Mandalorian Fleet Commander
8%
Rako Hardeen
8%
No matching quizzes found
Score Distribution
Percent of People with Each Score
Percentile by Number Answered
Your Score History
You have not taken this quiz